5HLuxD.jpg

KING HENRY VIII SENIOR AND PRIMARY SCHOOL LIBRARY OPAC

Mo gu xiao yuan (Record no. 1226)

000 -LEADER
fixed length control field 00473nam a22001817a 4500
005 - DATE AND TIME OF LATEST TRANSACTION
control field 20221216105558.0
008 - FIXED-LENGTH DATA ELEMENTS--GENERAL INFORMATION
fixed length control field 221216b ||||| |||| 00| 0 eng d
020 ## - INTERNATIONAL STANDARD BOOK NUMBER
International Standard Book Number 9789673852741
040 ## - CATALOGING SOURCE
Transcribing agency KH8
082 ## - DEWEY DECIMAL CLASSIFICATION NUMBER
Classification number 741.5 BAI M
100 ## - MAIN ENTRY--PERSONAL NAME
Personal name Bai, Shui,
Dates associated with a name 1984-,
Relator term Author
245 ## - TITLE STATEMENT
Title Mo gu xiao yuan
260 ## - PUBLICATION, DISTRIBUTION, ETC.
Place of publication, distribution, etc. Selangor:
Name of publisher, distributor, etc. Gala Unggul Resources Sdn Bhd
Date of publication, distribution, etc. 2014.
300 ## - PHYSICAL DESCRIPTION
Extent 139 p
Other physical details colour illustrations
Dimensions 21 cm
440 ## - SERIES STATEMENT/ADDED ENTRY--TITLE
Title 04
546 ## - LANGUAGE NOTE
Language note MANDARIN
942 ## - ADDED ENTRY ELEMENTS (KOHA)
Source of classification or shelving scheme
Koha item type Graphic Novel
Holdings
Withdrawn status Lost status Source of classification or shelving scheme Damaged status Not for loan Collection code Permanent Location Current Location Shelving location Date acquired Full call number Barcode Date last seen Price effective from Koha item type
          Fiction KH8 Primary School Library KH8 Primary School Library Graphic Novel 2022-12-16 741.5 BAI M 888769 2025-06-09 2022-12-16 Graphic Novel

Powered By KH8 IT Dept